| 000 | 00463cam a2200193ua 4500 | ||
|---|---|---|---|
| 001 | 3470 | ||
| 005 | 20260515113701.0 | ||
| 008 | 120216n ii |||gr||||Z||||||asm | ||
| 040 | _cMAIN | ||
| 082 | _a780 | ||
| 100 | _aNeog, Maheswar, | ||
| 245 | 1 | 1 |
_aAsamiya giti sahitya _cby Maheswar Neog |
| 250 | _a3rd. | ||
| 260 |
_aTihu: _bChandra Prakash,987. |
||
| 300 |
_a96p: _c23cm. |
||
| 653 | _aAssamese literature | ||
| 653 | _aAsamiya giti sahitya | ||
| 942 | _cBK | ||
| 999 |
_c3311 _d3311 |
||